000 00616nam a22002057a 4500
003 OSt
005 20250819024127.0
008 250819b |||||||| |||| 00| 0 eng d
040 _cOC
082 _aFil. 808 B419r 2001
100 _aBelvez, P.
245 _aRetorika:
_b mabisang pagsasalita at pagsulat
260 _aManila:
_bRex Book Store,
_cc2001.
300 _aviii, 288 pages ;
_c22 cm.
504 _aTalasanggunian.
650 _2Retorika.
700 _aTeresita S. Buensuceso
700 _aPamfilo Catacataca
942 _2ddc
_cBK - FIL
_hFil. 808 B419r 2001
_kFil.
_n0
999 _c4043
_d4043